Mujeres y vida política

Este documento pretende difundir los principios de "acción afirmativa" y "sistema de cuotas". Así, aborda la importancia de políticas y planes de igualdad de oportunidades, y los antecedentes y experiencias en la búsqueda de esta igualdad, enfatizando en el sistema de cuotas; ade...

Descrizione completa

Salvato in:
Dettagli Bibliografici
Natura: Sconosciuto
Lingua:Spanish
Pubblicazione: Perú : Creatividad y Cambio
Serie:Serie: Mujer 44
Soggetti:
Tags: Aggiungi Tag
Nessun Tag, puoi essere il primo ad aggiungerne!!

MARC

LEADER 00000 a2200000 04500
001 44713
003
008 050619s1997 pe spa d
040
020 |a [sin ISBN]  
022 |a [sin ISBN]  
090 |a 1003 S485m  
245 |a Mujeres y vida política  
260 |a Perú :   |b Creatividad y Cambio  
300 |a 15 páginas  
440 |a Serie: Mujer   |v 44  
520 |a Este documento pretende difundir los principios de "acción afirmativa" y "sistema de cuotas". Así, aborda la importancia de políticas y planes de igualdad de oportunidades, y los antecedentes y experiencias en la búsqueda de esta igualdad, enfatizando en el sistema de cuotas; además presenta el porcentaje de mujeres en los parlamentos nacionales unicamerales o en las cámaras bajas, en el mundo.  
590 |a AMB/AGOSTO2014  
650 |a A)MUJERES  
650 |a B)DERECHOS DE LA MUJER  
650 |a C)IGUALDAD DE GENERO  
650 |a D)IGUALDAD DE OPORTUNIDADES  
650 |a E)PARTICIPACION POLITICA  
650 |a F)PARTICIPACION DE LA MUJER  
999 |c 15235  |d 15235